Parciální diferenciální rovnice I.. Stacionární rovnice /

Na minha lista:
Detalhes bibliográficos
Main Authors: Míka, Stanislav (Author), Kufner, Alois (Author)
Formato: Livro
Publicado em: Praha : SNTL, 1983
Tags: Adicionar Tag
Sem tags, seja o primeiro a adicionar uma tag!

MARC

LEADER 00000nam a22000003a 4500
001 stu48154
005 20150617225712.4
008 ------s1983----cs----------------------d
040 |a STU  |b slo 
041 0
044 |a cs 
080 |a 517.9  |7 A000003291 
100 1 |a Míka, Stanislav  |4 aut 
245 1 |a Parciální diferenciální rovnice I.. Stacionární rovnice /  |c [aut.] Míka,Stanislav; Kufner,Alois 
260 |a Praha :  |b SNTL,  |c 1983 
300 |a 184 s 
700 1 |a Kufner, Alois  |4 aut 
996 |b J82212  |c J*82212/K 2  |l JJK2  |s P  |a 0  |w stu48154_0001